000 00662nam a2200217Ii 4500
003 JO-AjNU
008 230605s9999||||xx |||||||||||||| ||und||
040 _aJO-AjNU
_bara
_erda
_cJO-AjNU
041 _aara
050 1 4 _aPJ7858.A93.A17 1991
100 3 _aتأليف القيسي، محمد,
_eauthor
_935928
245 0 0 _aمجنون عبس
250 _aط1
264 3 1 _aعمان:وزارة الثقافة،1991
300 _a187ص
336 _atext
_btxt
_2rdacontent
337 _aunmediated
_bn
_2rdamedia
338 _avolume
_bnc
_2rdacarrier
490 0 _aمنشورات وزارة الثقافة (38)
650 4 _aالشعر العربي
_935929
999 _aA14879
_c18447
_d18447